MARC details
| 000 -LEADER |
| fixed length control field |
01149cam a22003131 4500 |
| 001 - CONTROL NUMBER |
| control field |
8750664 |
| 003 - CONTROL NUMBER IDENTIFIER |
| control field |
BDDh-ASL |
| 005 - DATE AND TIME OF LATEST TRANSACTION |
| control field |
20231015030300.0 |
| 008 - FIXED-LENGTH DATA ELEMENTS--GENERAL INFORMATION |
| fixed length control field |
750919s1929 e b 000 0 eng |
| 010 ## - LIBRARY OF CONGRESS CONTROL NUMBER |
| LC control number |
31021746 |
| 035 ## - SYSTEM CONTROL NUMBER |
| System control number |
(OCoLC)1636824 |
| 040 ## - CATALOGING SOURCE |
| Original cataloging agency |
DLC |
| Transcribing agency |
NFredU |
| Modifying agency |
OCoLC |
| -- |
DLC |
| -- |
BDDh-ASL |
| 041 1# - LANGUAGE CODE |
| Language code of text/sound track or separate title |
engara |
| 050 00 - LIBRARY OF CONGRESS CALL NUMBER |
| Classification number |
B753.I53 |
| Item number |
R53 1929 |
| 082 ## - DEWEY DECIMAL CLASSIFICATION NUMBER |
| Classification number |
922.97 |
| Item number |
ABH |
| 100 2# - MAIN ENTRY--PERSONAL NAME |
| Personal name |
Ibn Ṭufayl, Muḥammad ibn ʻAbd al-Malik, |
| Dates associated with a name |
-1185. |
| 240 10 - UNIFORM TITLE |
| Uniform title |
Risālat Ḥayy ibn Yaqẓān. |
| Language of a work |
English |
| 245 14 - TITLE STATEMENT |
| Title |
The history of Hayy ibn Yaqzan / |
| Statement of responsibility, etc. |
by Abu Bakr ibn Tufail. Translated from the Arabic by Simon Ockley. |
| 250 ## - EDITION STATEMENT |
| Edition statement |
Revised, |
| Remainder of edition statement |
with an introduction by A.S. Fulton. |
| 260 ## - PUBLICATION, DISTRIBUTION, ETC. |
| Place of publication, distribution, etc. |
New York, |
| -- |
London: |
| Name of publisher, distributor, etc. |
Frederick A. Stokes Company |
| -- |
Chapman and Hall Limited, |
| Date of publication, distribution, etc. |
[1929] |
| 300 ## - PHYSICAL DESCRIPTION |
| Extent |
179 p., 2 p. l. |
| Other physical details |
front. |
| Dimensions |
23 cm. |
| 490 0# - SERIES STATEMENT |
| Series statement |
The Treasure house of Eastern story |
| 500 ## - GENERAL NOTE |
| General note |
Printed in Great Britain. |
| 504 ## - BIBLIOGRAPHY, ETC. NOTE |
| Bibliography, etc. note |
Bibliography: leaf at end. |
| 700 1# - ADDED ENTRY--PERSONAL NAME |
| Personal name |
Ockley, Simon, |
| Dates associated with a name |
1678-1720, |
| Relator term |
tr. |
| 700 1# - ADDED ENTRY--PERSONAL NAME |
| Personal name |
Fulton, A. S. |
| Fuller form of name |
(Alexander Strathern) |
| 906 ## - LOCAL DATA ELEMENT F, LDF (RLIN) |
| a |
7 |
| b |
cbc |
| c |
oclcrpl |
| d |
u |
| e |
ncip |
| f |
19 |
| g |
y-gencatlg |
| 942 ## - ADDED ENTRY ELEMENTS (KOHA) |
| Source of classification or shelving scheme |
Dewey Decimal Classification |
| Koha item type |
Books |